The effectivess of the community development (pfd) project in stung treng province; ប្រសិទ្ធភាពនៃគរោងអភិវឌ្ឍន៍សហគមន៍របស់អង្គការ ដៃគូរអភិវឌ្ឍន៍. (Record no. 4259)
[ view plain ]
| 000 -LEADER | |
|---|---|
| fixed length control field | 00660nam a22001577a 4500 |
| 003 - CONTROL NUMBER IDENTIFIER | |
| control field | OSt |
| 005 - DATE AND TIME OF LATEST TRANSACTION | |
| control field | 20151209095836.0 |
| 008 - FIXED-LENGTH DATA ELEMENTS--GENERAL INFORMATION | |
| fixed length control field | 151209b xxu||||| |||| 00| 0 eng d |
| 040 ## - CATALOGING SOURCE | |
| Transcribing agency | RUA |
| 082 ## - DEWEY DECIMAL CLASSIFICATION NUMBER | |
| Classification number | ATM SOY 2007 B194 Or.1 |
| 100 ## - MAIN ENTRY--PERSONAL NAME | |
| 9 (RLIN) | 4570 |
| Personal name | SOY ROTHMONY; សយ រត្ន័មុនី |
| 245 ## - TITLE STATEMENT | |
| Title | The effectivess of the community development (pfd) project in stung treng province; ប្រសិទ្ធភាពនៃគរោងអភិវឌ្ឍន៍សហគមន៍របស់អង្គការ ដៃគូរអភិវឌ្ឍន៍. |
| 260 ## - PUBLICATION, DISTRIBUTION, ETC. (IMPRINT) | |
| Place of publication, distribution, etc. | Phnom Penh |
| Name of publisher, distributor, etc. | RUA |
| Date of publication, distribution, etc. | 2007 |
| 300 ## - PHYSICAL DESCRIPTION | |
| Extent | xv; 54p. |
| Other physical details | ill. |
| Dimensions | 29cm. |
| 942 ## - ADDED ENTRY ELEMENTS (KOHA) | |
| Source of classification or shelving scheme | |
| Koha item type | ATM |
| Price effective from | Date last seen | Permanent Location | Not for loan | Date acquired | Source of classification or shelving scheme | Koha item type | Barcode | Lost status | Damaged status | Shelving location | Withdrawn status | Current Location | Full call number |
|---|---|---|---|---|---|---|---|---|---|---|---|---|---|
| 2015-12-09 | 2015-12-09 | Library Block B | 2015-12-09 | ATM | RUA042927 | B194 | Library Block B | ATM SOY 2007 B194 Or.1 | |||||
| 2015-12-09 | 2015-12-09 | Library Block B | 2015-12-09 | ATM | RUA44208 | B194 | Library Block B | ATM SOY 2007 B194 Or.2 | |||||
| 2015-12-09 | 2015-12-09 | Library Block B | 2015-12-09 | ATM | RUA44323 | B194 | Library Block B | ATM SOY 2007 B194 Or.3 | |||||
| 2015-12-09 | 2015-12-09 | Library Block B | 2015-12-09 | ATM | RUA44263 | B194 | Library Block B | ATM SOY 2007 B194 Or.4 | |||||
| 2015-12-09 | 2015-12-09 | Library Block B | 2015-12-09 | ATM | RUA44494 | B194 | Library Block B | ATM SOY 2007 B194 Or.5 | |||||
| 2015-12-09 | 2015-12-09 | Library Block B | 2015-12-09 | ATM | RUA44541 | B194 | Library Block B | ATM SOY 2007 B194 Or.6 | |||||
| 2015-12-09 | 2015-12-09 | Library Block B | 2015-12-09 | ATM | RUA44434 | B194 | Library Block B | ATM SOY 2007 B194 Or.7 | |||||
| 2015-12-09 | 2015-12-09 | Library Block B | 2015-12-09 | ATM | RUA44611 | B194 | Library Block B | ATM SOY 2007 B194 Or.8 |